| 000 | 00540nam a22001697a 4500 | ||
|---|---|---|---|
| 999 |
_c8982 _d8982 |
||
| 008 | 210309b ||||| |||| 00| 0 eng d | ||
| 040 | _aBMS College of Architecture | ||
| 100 | _aShankar, Apoorva | ||
| 245 | _aOceanarium and entertainment centre Mangalore | ||
| 300 | _a61p. | ||
| 500 | _a1BM09AT007 | ||
| 502 |
_8B.Arch _NBMS College of Architecture, Visvesvaraya Technological University (VTU) _aProject report _d2013 |
||
| 650 | _aMangalore | ||
| 700 |
_aAjaichandran C K _eGuide |
||
| 700 |
_aBhagyalaxmi M _eGuide |
||
| 942 |
_2ddc _cTHE |
||